Data comppression: The complete reference (Record no. 1714)

MARC details
000 -LEADER
fixed length control field 00368nam a2200145Ia 4500
008 - FIXED-LENGTH DATA ELEMENTS--GENERAL INFORMATION
fixed length control field 130318s9999 xx 000 0 und d
020 ## - INTERNATIONAL STANDARD BOOK NUMBER
International Standard Book Number 9788184898002
082 ## - DEWEY DECIMAL CLASSIFICATION NUMBER
Classification number 005.746 SAL/D
100 ## - MAIN ENTRY--PERSONAL NAME
Personal name Salomon, David
245 ## - TITLE STATEMENT
Title Data comppression: The complete reference
250 ## - EDITION STATEMENT
Edition statement 4
260 ## - PUBLICATION, DISTRIBUTION, ETC.
Name of publisher, distributor, etc. Springer
Place of publication, distribution, etc. New York
Date of publication, distribution, etc. 2007
300 ## - PHYSICAL DESCRIPTION
Extent 1092
650 ## - SUBJECT ADDED ENTRY--TOPICAL TERM
Topical term or geographic name entry element DATA COMPRESSION
Holdings
Withdrawn status Lost status Damaged status Not for loan Home library Current library Shelving location Date acquired Cost, normal purchase price Total Checkouts Full call number Barcode Date last seen Price effective from Koha item type
        Kerala University of Digital Sciences, Innovation and Technology Knowledge Centre Kerala University of Digital Sciences, Innovation and Technology Knowledge Centre Computer Science 18/03/2013 636.00   005.746 SAL/D 1726 18/03/2013 18/03/2013 Books